000 01425nam a22002537a 4500
005 20081105102017.0
008 081105t xxu||||| |||| 00| 0 hin d
010 _aHIN-84658
020 _c450.00
_a8174875522
035 _aHN-57004
037 _bDBAD / PUB
040 _aDPL
_bHN
082 _a327.54073
100 _aउपाध्याय, अजय
245 _aभारत-अमेरिका सम्बन्ध प्रगाढ़ता या प्रभुत्व /
_cअजय उपाध्याय
246 _aBhaarat-America sambandh pragadta ya prabhutva
_bby Ajay Upadhyay
260 _aनई दिल्ली
_bराधा पब्लिकेशन्स
_c2007
270 _a4231/1, अंसारी रोड, दरियागंज
_bनई दिल्ली
_e110002
_k23247003, 23254306
_mradhapubnitin@yahoo.com
300 _a220पृ
_c22सेमी (सजिल्द)
651 _aभारत
_xअन्तर्राष्ट्रीय संबंध
_zसंयुक्त राज्य अमेरिका
651 _aIndia
_xInternational relations
_zU. S. A.
942 _2ddc
_cHN
_mउपाध्या
_h327.54073
999 _c18025
_d18025